The Joseph Rowntree Foundation land inquiry (Record no. 68893)

MARC details
000 -LEADER
fixed length control field 00972cam a2200205 4500
001 - CONTROL NUMBER
control field ABS64799
008 - FIXED-LENGTH DATA ELEMENTS--GENERAL INFORMATION
fixed length control field 011121n2001 000 0 eng u
035 ## - SYSTEM CONTROL NUMBER
System control number (Sirsi) u115673
100 ## - MAIN ENTRY--PERSONAL NAME
Personal name Bartlett, K.
245 #4 - TITLE STATEMENT
Title The Joseph Rowntree Foundation land inquiry
260 ## - PUBLICATION, DISTRIBUTION, ETC.
Date of publication, distribution, etc. 2001
490 ## - SERIES STATEMENT
Series statement Axis
Volume/sequential designation 56(5) October-November 2001, 6-10(5)
520 ## - SUMMARY, ETC.
Summary, etc. Preview of a report commissioned two years ago by the Joseph Rowntree Foundation about issues affecting land supply for housing in England. The report is not just a research document, but aims to highlight issues in current policy and suggest ways forward. Argues that government still does not take seriously the case for more housing in the south and the resources needed to provide affordable homes. The report will be published later in 2001.
590 ## - LOCAL NOTE (RLIN)
Local note ABS
650 ## - SUBJECT ADDED ENTRY--TOPICAL TERM
Topical term or geographic name entry element JOSEPH ROWNTREE FOUNDATION
650 ## - SUBJECT ADDED ENTRY--TOPICAL TERM
Topical term or geographic name entry element LAND SUPPLY
650 ## - SUBJECT ADDED ENTRY--TOPICAL TERM
Topical term or geographic name entry element GOVERNMENT POLICY
690 ## - LOCAL SUBJECT ADDED ENTRY--TOPICAL TERM (OCLC, RLIN)
Topical term or geographic name as entry element HOUSING-DEVELOPMENT
942 ## - ADDED ENTRY ELEMENTS (KOHA)
Suppress in OPAC 0
Holdings
Withdrawn status Lost status Source of classification or shelving scheme Damaged status Not for loan Home library Current library Shelving location Date acquired Total Checkouts Full call number Barcode Date last seen Copy number Price effective from Koha item type
    Dewey Decimal Classification     London London Journal article 21/11/2001   ABS64799 115673-1001 06/08/2019 1 06/08/2019 Journal article